000 00291nam a22001337a 4500
008 171017b xxu||||| |||| 00| 0 eng d
020 _a9780324423426
041 _aeng
080 _a330101.542
100 _a52
101 _aMIK
245 _aMICROECONOMICS
_cARNOLD.R.A
942 _2udc
_cBK
999 _c34489
_d34489